Business research methods and statistics using SPSS /

Chi tiết về thư mục
Tác giả chính: Burns, Robert B.
Tác giả khác: Burns, Richard A.
Định dạng: Sách
Ngôn ngữ:English
Được phát hành: Los Angeles ; London : SAGE, 2008.
Những chủ đề:
Classic Catalogue: View this record in Classic Catalogue
LEADER 01578nam a2200361 a 4500
001 15133348
003 BD-DhAAL
005 20250713151929.0
008 091115s2008 cau b 001 0 eng d
010 |a  2008920625 
020 |a 1412945291 (hbk.) 
020 |a 9781412945295 (hbk.) 
020 |a 1412945305 (pbk.) 
020 |a 9781412945301 (pbk.) 
040 |a UKM  |c UKM  |d BTCTA  |d BAKER  |d YDXCP  |d BWKUK  |d BWK  |d BWX  |d DLC  |d BD-DhAAL 
082 0 4 |a 658.0072  |2 22 
100 1 |a Burns, Robert B.  |9 41270 
245 1 0 |a Business research methods and statistics using SPSS /  |c Robert B. Burns and Richard A. Burns. 
246 3 1 |a Business research methods and statistics using Statistical Package for the Social Sciences 
260 |a Los Angeles ;  |a London :  |b SAGE,  |c 2008. 
300 |a xii, 544 pages ;  |c 24 cm. 
504 |a Includes bibliographical references and index. 
526 |x Requisitioned by Faculties of BBS Course name and no : N/A 
541 1 |a Karim International  |e 00019593 
650 0 |a Business  |x Research  |x Methodology.  |9 30189 
650 0 |a Business  |x Research  |x Statistical methods.  |9 58737 
650 0 |a Business  |x Research  |x Data processing.  |9 30190 
650 0 |a Management. 
700 1 |a Burns, Richard A.  |9 58738 
852 4 |a Ayesha Abed Library  |j General Shelf 
942 |2 ddc  |c BK 
999 |c 5518  |d 5518 
952 |0 0  |1 0  |2 ddc  |4 0  |6 658_007200000000000_BUR  |7 0  |9 5392  |a BRACUL  |b BRACUL  |c GEN  |d 2009-11-14  |e Karim Interantional  |g 2306.00  |l 11  |m 41  |o 658.0072 BUR  |p 3010019593  |r 2022-12-13  |s 2022-05-14  |t 1  |y BK  |x Requisitioned by Faculties of BBS. Course name and no. "not available".